MARC details
| 000 -LEADER |
| fixed length control field |
05236cam a2200577 a 4500 |
| 001 - CONTROL NUMBER |
| control field |
ocn351329786 |
| 003 - CONTROL NUMBER IDENTIFIER |
| control field |
TZ-ArACH |
| 005 - DATE AND TIME OF LATEST TRANSACTION |
| control field |
20140528144739.0 |
| 008 - FIXED-LENGTH DATA ELEMENTS--GENERAL INFORMATION |
| fixed length control field |
100414s2009 fr b i001 0 eng d |
| 010 ## - LIBRARY OF CONGRESS CONTROL NUMBER |
| LC control number |
2010288669 |
| 016 7# - NATIONAL BIBLIOGRAPHIC AGENCY CONTROL NUMBER |
| Record control number |
015429736 |
| Source |
Uk |
| 020 ## - INTERNATIONAL STANDARD BOOK NUMBER |
| International Standard Book Number |
9780521136112 (pbk. : Cambridge Univ. Press) |
| 020 ## - INTERNATIONAL STANDARD BOOK NUMBER |
| International Standard Book Number |
9780521199469 (hardback : Cambridge Univ. Press) |
| 020 ## - INTERNATIONAL STANDARD BOOK NUMBER |
| International Standard Book Number |
9789231040900 (pbk. : UNESCO) |
| 020 ## - INTERNATIONAL STANDARD BOOK NUMBER |
| International Standard Book Number |
9231040901 (pbk. : UNESCO) |
| 020 ## - INTERNATIONAL STANDARD BOOK NUMBER |
| International Standard Book Number |
0521199468 |
| 020 ## - INTERNATIONAL STANDARD BOOK NUMBER |
| International Standard Book Number |
0521136113 (pbk.) |
| 035 ## - SYSTEM CONTROL NUMBER |
| System control number |
(OCoLC)351329786 |
| Canceled/invalid control number |
(OCoLC)441139799 |
| 040 ## - CATALOGING SOURCE |
| Original cataloging agency |
BTCTA |
| Language of cataloging |
eng |
| Transcribing agency |
TZ-ArACH |
| Modifying agency |
DLC |
| -- |
YDXCP |
| -- |
EUN |
| -- |
TEF |
| -- |
UAB |
| -- |
CDX |
| -- |
GZL |
| -- |
NLA |
| -- |
BWX |
| -- |
UCDLL |
| -- |
DEBBG |
| -- |
COD |
| -- |
UKMGB |
| -- |
MIX |
| -- |
OCLCA |
| -- |
OCLCF |
| -- |
BEDGE |
| 041 ## - LANGUAGE CODE |
| Language code of text/sound track or separate title |
Eng |
| 042 ## - AUTHENTICATION CODE |
| Authentication code |
lccopycat |
| 049 ## - LOCAL HOLDINGS (OCLC) |
| Holding library |
TZAA |
| 050 00 - LIBRARY OF CONGRESS CALL NUMBER |
| Classification number |
K3240 |
| Item number |
.M54 |
| 082 #4 - DEWEY DECIMAL CLASSIFICATION NUMBER |
| Classification number |
340.2 |
| 245 00 - TITLE STATEMENT |
| Title |
Migration and human rights : the United Nations Convention on Migrant Workers' Rights |
| Remainder of title |
the United Nations Convention on Migrant Workers' Rights / |
| Statement of responsibility, etc |
edited by Ryszard Cholewinski, Paul de Guchteneire, Antoine Pécoud. |
| 260 ## - PUBLICATION, DISTRIBUTION, ETC. (IMPRINT) |
| Place of publication, distribution, etc |
Paris : |
| Name of publisher, distributor, etc |
UNESCO Pub. ; |
| Place of publication, distribution, etc |
Cambridge, England : |
| Name of publisher, distributor, etc |
Cambridge University Press, |
| Date of publication, distribution, etc |
2009. |
| 300 ## - PHYSICAL DESCRIPTION |
| Extent |
xx, 452 p. ; |
| Dimensions |
23 cm. |
| 504 ## - BIBLIOGRAPHY, ETC. NOTE |
| Bibliography, etc |
Includes bibliographical references and index. |
| 505 00 - FORMATTED CONTENTS NOTE |
| Miscellaneous information |
Introduction : |
| Title |
The UN Convention on Migrant Workers' Rights / |
| Statement of responsibility |
Paul de Guchteneire and Antoine Pécoud -- |
| Title |
Migration and human rights: the uneasy but essential relationship / |
| Statement of responsibility |
Graziano Battistella -- |
| Title |
Role of civil society in campaigning for and using the ICRMW / |
| Statement of responsibility |
Mariette Grange and Marie D'Auchamp -- |
| Title |
Committee on migrant workers and implementation of the ICRMW / |
| Statement of responsibility |
Carla Edelenbos -- |
| Title |
Migrants' rights in UN human rights convention / |
| Statement of responsibility |
Isabelle Slinckx -- |
| Title |
The need for a rights-based approach to migration in the age of globalization / |
| -- |
Patrick A. Taran -- |
| -- |
Obstacles to, and opportunities for, ratification of the ICRMW in Asia / |
| Statement of responsibility |
Nicola Piper -- |
| Title |
Obstacles to ratification of the ICRMW in Canada / |
| Statement of responsibility |
Victor Piché, Eugénie Depatie-Pelletier and Dina Epale -- |
| Title |
Mexico's role in promoting and implementing the ICRMW / |
| Statement of responsibility |
Gabriela Díaz and Gretchen Kuhner -- |
| Title |
Migrants' rights after apartheid: South African responses to the ICRMW / |
| Statement of responsibility |
Johnathan Crush, Vincent Williams and Peggy Nicholson -- |
| Title |
Policy on the ICRMW in the United Kingdom / |
| Statement of responsibility |
Bernard Ryan -- |
| Title |
The French political refusal on Europe's behalf / |
| Statement of responsibility |
Hélène Oger -- |
| Title |
Migration and human rights in Germany / |
| Statement of responsibility |
Felicitas Hillmann and Amanda Klekowski Von Koppenfels -- |
| Title |
Migration and human rights in Italy: prospects for the ICRMW / |
| Statement of responsibility |
Kristina Touzenis -- |
| Title |
The ICRMW and the European Union / |
| Statement of responsibility |
Euan MacDonald and Ryszard Cholewinski. |
| 520 ## - SUMMARY, ETC. |
| Summary, etc |
"The UN Convention on Migrant Workers' Rights is the most comprehensive international treaty in the field of migration and human rights. Adopted in 1990 and entered into force in 2003, it sets a standard in terms of access to human rights for migrants. However, it suffers from a marked indifference: only forty states have ratified it and no major immigration country has done so. This highlights how migrants remain forgotten in terms of access to rights. Even though their labour is essential in the world economy, the non-economic aspect of migration -- and especially migrants' rights -- remain a neglected dimension of globalisation. This volume provides in-depth information on the Convention and on the reasons behind states' reluctance towards its ratification. It brings together researchers, international civil servants and NGO members and relies upon an interdisciplinary perspective that includes not only law, but also sociology and political science."--Publisher's description |
| 630 00 - SUBJECT ADDED ENTRY--UNIFORM TITLE |
| Uniform title |
International Convention on the Protection of the Rights of All Migrant Workers and Members of their Families |
| Date of treaty signing |
(1990) |
| 9 (RLIN) |
14257 |
| 630 07 - SUBJECT ADDED ENTRY--UNIFORM TITLE |
| Uniform title |
International Convention on the Protection of the Rights of All Migrant Workers and Members of their Families (1990) |
| Source of heading or term |
fast |
| 9 (RLIN) |
14258 |
| 650 #0 - SUBJECT ADDED ENTRY--TOPICAL TERM |
| Topical term or geographic name as entry element |
Human rights. |
| 9 (RLIN) |
14259 |
| 650 #0 - SUBJECT ADDED ENTRY--TOPICAL TERM |
| Topical term or geographic name as entry element |
Foreign workers |
| General subdivision |
Legal status, laws, etc. |
| 9 (RLIN) |
14260 |
| 650 #7 - SUBJECT ADDED ENTRY--TOPICAL TERM |
| Topical term or geographic name as entry element |
Foreign workers |
| General subdivision |
Legal status, laws, etc. |
| Source of heading or term |
fast |
| 9 (RLIN) |
14261 |
| 650 #7 - SUBJECT ADDED ENTRY--TOPICAL TERM |
| Topical term or geographic name as entry element |
Human rights. |
| Source of heading or term |
fast |
| 9 (RLIN) |
14262 |
| 650 #7 - SUBJECT ADDED ENTRY--TOPICAL TERM |
| Topical term or geographic name as entry element |
Migration. |
| Source of heading or term |
eclas |
| 9 (RLIN) |
14263 |
| 650 #7 - SUBJECT ADDED ENTRY--TOPICAL TERM |
| Topical term or geographic name as entry element |
Travailleurs migrants. |
| Source of heading or term |
eclas |
| 9 (RLIN) |
14264 |
| 650 #7 - SUBJECT ADDED ENTRY--TOPICAL TERM |
| Topical term or geographic name as entry element |
Droits de l'homme. |
| Source of heading or term |
eclas |
| 9 (RLIN) |
14265 |
| 650 #7 - SUBJECT ADDED ENTRY--TOPICAL TERM |
| Topical term or geographic name as entry element |
Conventions internationales. |
| Source of heading or term |
eclas |
| 9 (RLIN) |
14266 |
| 650 #7 - SUBJECT ADDED ENTRY--TOPICAL TERM |
| Topical term or geographic name as entry element |
Application des lois. |
| Source of heading or term |
eclas |
| 9 (RLIN) |
14267 |
| 650 #7 - SUBJECT ADDED ENTRY--TOPICAL TERM |
| Topical term or geographic name as entry element |
Ratification d'accords. |
| Source of heading or term |
eclas |
| 9 (RLIN) |
14268 |
| 700 1# - ADDED ENTRY--PERSONAL NAME |
| Personal name |
Cholewinski, Ryszard I. |
| Fuller form of name |
(Ryszard Ignacy), |
| Dates associated with a name |
1964- |
| 9 (RLIN) |
14269 |
| 700 1# - ADDED ENTRY--PERSONAL NAME |
| Personal name |
Guchteneire, P. F. A. de |
| Fuller form of name |
(Paul F. A.) |
| 9 (RLIN) |
14270 |
| 700 1# - ADDED ENTRY--PERSONAL NAME |
| Personal name |
Pécoud, Antoine, |
| Dates associated with a name |
1974- |
| 9 (RLIN) |
14271 |
| 856 ## - ELECTRONIC LOCATION AND ACCESS |
| Uniform Resource Identifier |
<a href="http://bvbr.bib-bvb.de:8991/F?func=service&doc_library=BVB01&doc_number=020217335&line_number=0001&func_code=DB_RECORDS&service_type=MEDIA">http://bvbr.bib-bvb.de:8991/F?func=service&doc_library=BVB01&doc_number=020217335&line_number=0001&func_code=DB_RECORDS&service_type=MEDIA</a> |
| Public note |
Inhaltsverzeichnis |
| 942 ## - ADDED ENTRY ELEMENTS (KOHA) |
| Source of classification or shelving scheme |
Library of Congress Classification |
| Koha item type |
Books |